Biggest Coastal Cities in each S. American Country - Statistics

General Stats
  • This quiz has been taken 10 times
  • The average score is 18 of 30
Answer Stats
Country Population City % Correct
Colombia 2,147,556 Barranquilla
100%
Argentina 17,229,903 Buenos Aires
100%
Colombia 1,206,792 Cartagena
100%
Brazil 3,505,708 Fortaleza
100%
Peru 14,521,902 Lima
100%
Venezuela 3,479,156 Maracaibo
100%
Uruguay 1,711,389 Montevideo
100%
Brazil 14,089,813 Rio de Janeiro
100%
Ecuador 3,306,129 Guayaquil
90%
Brazil 3,754,314 Porto Alegre
90%
Chile 1,362,873 Valparaíso
90%
Suriname 331,840 Paramaribo
80%
Chile 905,373 Concepción
70%
Guyana 264,379 Georgetown
70%
Argentina 742,115 Mar del Plata
70%
Venezuela 1,136,090 Barcelona
60%
Argentina 1,046,916 La Plata
60%
Colombia 608,521 Santa Marta
60%
Peru 1,091,582 Trujillo
60%
Peru 1,207,608 Callao
40%
Ecuador 414,365 Manta
40%
Guyana 19,749 New Amsterdam
30%
Chile 504,467 Coquimbo
20%
Venezuela 510,196 Cabimas
10%
Uruguay 160,190 Ciudad de la Costa
10%
Ecuador 386,704 Machala
10%
Uruguay 146,508 Maldonado
10%
Suriname 16,295 Meerzorg
10%
Suriname 15,127 Nieuw Nickerie
10%
Guyana 17,551 Port Mourant
10%
No matching quizzes found
Score Distribution
Percent of People with Each Score
Percentile by Number Answered
Your Score History
You have not taken this quiz